000 00465nam a2200181Ia 4500
001 4142
005 20260306145734.0
008 260306t2007||||xx |||||||||||||| ||spa||
041 _aESP
082 _a306.85
_bV19
100 _aValdés Cuervo, Ángel Alberto
_eAUT
245 0 _aFamilia y desarrollo. Intervenciones en terapia familiar
260 _c2007
300 _ax, 195 páginas :
_c23 cm.
650 _aGEN
654 _aCED
942 _cLIB
_dJUS
_fJUS
_2ddc
_n
999 _c4142
_d4142